Country Names With More Than 1 Word - Statistics

General Stats
  • This quiz has been taken 105 times
    67 since last reset
  • The average score is 34 of 38
Answer Stats
Country % Correct
Democratic Republic of the Congo
98%
North Korea
98%
New Zealand
97%
Republic of the Congo
97%
South Korea
97%
United Arab Emirates
97%
United Kingdom
97%
Dominican Republic
95%
Trinidad and Tobago
95%
United States
95%
Saint Lucia
94%
South Africa
94%
Central African Republic
92%
North Macedonia
92%
Saudi Arabia
92%
Sri Lanka
92%
Antigua and Barbuda
90%
Saint Kitts and Nevis
90%
San Marino
90%
South Sudan
90%
Cape Verde
89%
Saint Vincent and the Grenadines
89%
Solomon Islands
89%
East Timor
86%
Marshall Islands
86%
São Tomé and Príncipe
86%
El Salvador
84%
Papua New Guinea
84%
Bosnia and Herzegovina
83%
Costa Rica
83%
Federated States of Micronesia
83%
Guinea-Bissau
83%
Vatican City
83%
Equatorial Guinea
81%
Ivory Coast
79%
Sierra Leone
76%
Burkina Faso
73%
Czech Republic
73%
No matching quizzes found
Score Distribution
Percent of People with Each Score
Percentile by Number Answered
Your Score History
You have not taken this quiz since the last reset